000 01165nam a2200361Ia 4500
003 OSt
005 20221007121210.0
006 a|||||r|||| 00| 0
007 ta
008 221006b |||||||| |||| 00| 0 eng d
020 _a8186535650 (pbk)
024 _a163550
037 _cTextual
040 _aBDL
_cBDL
_beng
041 _2eng
_aeng
082 _aI,11:11g, P9.3 Carb
100 _aAmmirato Philip V Ed.
_9710978
245 0 _aHandbook of plant cell culture
_b Evans David A Ed. Sharp Williuam R Ed. Yamada Yasuyuki Ed.
260 _aBanglore
_bPanima publishing
_c2009
300 _axii; 620p.
_ccm.
490 _vVol.3
500 _aIndex 607-620p.
650 _a Cereals
_9710979
650 _a Crop species
_9710980
650 _a Plant cell culture
650 _a Temprate fruits
_9710981
650 _aBotany
700 _a Evans David A Ed.
_9710982
700 _a Sharp Williuam R Ed.
_9710983
700 _a Yamada Yasuyuki Ed.
_9710984
942 _hI,11:11g, P9.3 Carb
_cTEXL
_2CC
999 _c1208544
_d1208544